000 00599nam a2200229Ia 4500
003 OSt
005 20220918173949.0
006 a|||||r|||| 00| 0
007 ta
008 220917b |||||||| |||| 00| 0 eng d
024 _a9,515
037 _cTextual
040 _aARTS
_cARTS
_beng
041 _2eng
_aeng
082 _a26, K3-;1-;2(2D)TT2
100 _aSharp Harold S. ed
_946315
245 0 _aReadings in special librarianship
260 _c1963
650 _aLIBRARY SCIENCE
942 _h26, K3-;1-;2(2D)TT2
_cTEXL
_2CC
999 _c151155
_d151155